Corporate capital structures in the United States /

Bibliographic Details
Corporate Author: National Bureau of Economic Research
Other Authors: Friedman, Benjamin M.
Format: Book
Language:English
Published: Chicago : University of Chicago Press, 1985.
Series:National Bureau of Economic Research project report.
Subjects:

MARC

Tag First Indicator Second Indicator Subfields
LEADER 00000pam a2200000 a 4500
001 in00000562821
005 20151014070754.0
008 840809s1985 ilua b 10100 eng
010 |a  84016138  
020 |a 0226264114 :  |c $55.00 
035 |a (OCoLC)11090992 
035 |9 ACN9976AM 
039 0 |a 2  |b 3  |c 3  |d 3  |e 3 
040 |a DLC  |c DLC  |d TXA  |d UtOrBLW 
043 |a n-us--- 
049 |a TXAM  |c [A09112657] 
050 0 0 |a HG4061  |b .C66 1985 
082 0 |a 338.7/4/0973  |2 19 
245 0 0 |a Corporate capital structures in the United States /  |c edited by Benjamin M. Friedman. 
264 1 |a Chicago :  |b University of Chicago Press,  |c 1985. 
300 |a xi, 390 pages :  |b illustrations ;  |c 24 cm. 
336 |a text  |b txt  |2 rdacontent 
337 |a unmediated  |b n  |2 rdamedia 
338 |a volume  |b nc  |2 rdacarrier 
490 1 |a A National Bureau of Economic Research project report 
500 |a Papers presented at a conference held at Palm Beach, Fla., Jan. 6-7, 1983, sponsored by the National Bureau of Economic Research. 
504 |a Includes bibliographies and indexes. 
505 0 |a Secular patterns in the financing of U.S. corporations / Robert A. Taggart, Jr. -- Changes in the balance sheet of the U.S. manufacturing sector, 1926-1977 / John H. Ciccolo, Jr. and Christopher F. Baum -- Debt and equity yields, 1926-1980 / Patric H. Hendershott and Roger D. Huang -- Inflation and the role of bonds in investor portfolios / Zvi Bodie, Alex Kane, and Robert McDonald -- The substitutability of debt and equity securities / Benjamin M. Friedman -- Contingent claims valuation of corporate liabilities / E. Philip Jones, Scott P. Mason, and Eric Rosenfeld -- Capital structure change and decreases in stockholders' wealth / Wayne H. Mikkelson -- Read determinants of corporate leverage / Alan J. Auerbach -- Investment patterns and financial leverage / Michale S. Lond and Ileen B. Malitz -- Capital structure and the corporation's product market environment / A. Michael Spence. 
650 0 |a Corporations  |z United States  |x Finance. 
700 1 |a Friedman, Benjamin M. 
710 2 |a National Bureau of Economic Research. 
830 0 |a National Bureau of Economic Research project report. 
999 |a MARS 
999 f f |s 86f0d7f7-f516-3ecf-9794-8b5d71e246d8  |i 338512bc-d960-3bcf-be14-9291d0a4c8a7  |t 0 
952 f f |p ric  |a Texas A&M University  |b Rellis Campus  |c Joint Library Facility  |d Remote Storage  |t 0  |e HG4061 .C66 1985  |h Library of Congress classification  |i unmediated -- volume  |m A14809112657 
998 f f |a HG4061 .C66 1985  |t 0  |l Remote Storage